| 000 | 00952nam a22003017a 4500 | ||
|---|---|---|---|
| 003 | CHAP | ||
| 005 | 20220329140128.0 | ||
| 008 | 971013s1965 r 00010 d | ||
| 010 | _a47410 | ||
| 011 | _a48382 | ||
| 035 | _a52527 | ||
| 040 | _cCHAP | ||
| 090 | _aFolleto 7695 | ||
| 100 | 0 | 0 |
_aReyes C., Pedro. _996758 |
| 245 | _aEfectividad de la selección masal en el maíz | ||
| 260 |
_aMonterrey, N. L. : _bInstituto Tecnológico y de Estudios Superiores de Monterrey, _c1965 |
||
| 300 | _a10 h. | ||
| 590 |
_aBATCH-UPD _b10 _c20130110 _lUCH01 _h2051 |
||
| 590 |
_aBATCH-UPD _b10 _c20130410 _lUCH01 _h1404 |
||
| 590 |
_aBATCH-UPD _b10 _c20130914 _lUCH01 _h1557 |
||
| 590 |
_aCONVERSION _b10 _c20130109 _lUCH01 _h1326 |
||
| 650 | 1 | 4 |
_aMaíz _xMejoramiento. _971006 |
| 650 | 1 | 4 |
_aMaíz _xSelección masal. _971058 |
| 700 | 0 |
_aGutiérrez P., Mario. _951787 |
|
| 901 | _aBK | ||
| 942 | _cFOLL | ||
| 949 |
_aFolleto 7695 _bBC _cFOLL _d-116968 _eTS1 _i52527 _si |
||
| 999 |
_c47410 _d47410 |
||